¿ Por qué los estudiantes cambian de escuela ? : análisis desde las decisiones familiares (Record no. 165021)
[ view plain ]
| 000 -CABECERA | |
|---|---|
| campo de control de longitud fija | 00825nab a2200265 a 4500 |
| 005 - FECHA Y HORA DE LA ÚLTIMA TRANSACCIÓN | |
| campo de control | 20220309111929.0 |
| 008 - ELEMENTOS DE LONGITUD FIJA--INFORMACIÓN GENERAL | |
| campo de control de longitud fija | 991125s1985 mx o 000 0 spa u |
| 035 ## - NÚMERO DE CONTROL DEL SISTEMA | |
| Número de control de sistema | UPN01000192920 |
| 040 ## - FUENTE DE LA CATALOGACIÓN | |
| Centro catalogador/agencia de origen | UPN |
| Lengua de catalogación | spa |
| Centro/agencia transcriptor | UPN |
| 100 1# - ASIENTO PRINCIPAL--NOMBRE PERSONAL | |
| Nombre de persona | Zamora Poblete, Guillermo Manuel |
| 100 1# - ASIENTO PRINCIPAL--NOMBRE PERSONAL | |
| Filiación | gzamora@puc.cl. |
| 222 ## - TÍTULO CLAVE | |
| Título clave | PERFILES EDUCATIVOS |
| 245 ## - MENCIÓN DE TÍTULO | |
| Título | ¿ Por qué los estudiantes cambian de escuela ? : análisis desde las decisiones familiares |
| 260 ## - PUBLICACIÓN, DISTRIBUCIÓN, ETC. | |
| Lugar de publicación, distribución, etc. | México |
| 300 ## - DESCRIPCIÓN FÍSICA | |
| Extensión | 48-62 |
| 362 0# - FECHAS DE PUBLICACIÓN Y/O DESIGNACIÓN SECUENCIAL | |
| Fecha de publicación y/o designación secuencial | 2013 3a época, vol. 35, no. 140 |
| 653 0# - TERMINO DE INDIZACION - NO CONTROLADO | |
| Término no controlado | MOVILIDAD ESCOLAR |
| 653 0# - TERMINO DE INDIZACION - NO CONTROLADO | |
| Término no controlado | DECISIONES FAMILIARES |
| 653 0# - TERMINO DE INDIZACION - NO CONTROLADO | |
| Término no controlado | ELECCION DE ESCUELA |
| 700 1# - ASIENTO SECUNDARIO--NOMBRE DE PERSONAL | |
| Nombre de persona | Moforte Madsen, Carla, |
| 700 1# - ASIENTO SECUNDARIO--NOMBRE DE PERSONAL | |
| Término indicativo de función/relación | coaut. |
| 856 1# - LOCALIZACIÓN Y ACCESO ELECTRÓNICOS | |
| Identificador Uniforme del Recurso | <a href="http://www.revistas.unam.mx/index.php/perfiles/article/view/38842">http://www.revistas.unam.mx/index.php/perfiles/article/view/38842</a> |
| 905 ## - TIPO DE MATERIAL | |
| Tipo de material | Articulo |
| 942 ## - ELEMENTOS DE PUNTO DE ACCESO ADICIONAL (KOHA) | |
| Fuente del sistema de clasificación o colocación | Library of Congress Classification |
| Tipo de ítem Koha | Revista no encuadernada |
No items available.
